|
|
|
|
| LEADER |
01007nam a22002532a 4500 |
| 001 |
000593065 |
| 003 |
CZ BrMZK |
| 005 |
20020410110728.0 |
| 007 |
ta |
| 008 |
020402s1943 xr f cze d |
| 015 |
|
|
|a cnb000761882
|
| 035 |
|
|
|a (OCoLC)85677564
|
| 040 |
|
|
|a BOA001
|c ze
|d BOA001
|
| 100 |
1 |
|
|a Vlček, Karel,
|d 1911-
|7 jk01150118
|4 aut
|
| 245 |
1 |
0 |
|a Družstevní vesnice :
|b (Teoretický podklad problému) /
|c Karel Vlček
|
| 260 |
|
|
|a Brno :
|b Studijní ústav družstevní,
|c 1943
|
| 300 |
|
|
|a 32 s. ;
|c 8°
|
| 500 |
|
|
|a Deutsche Zusammenfassung: Das Genossenschaftsdorf
|
| 500 |
|
|
|a Zvláštní otisk z časopisu Družstevní sborník
|
| 910 |
|
|
|a BOA001
|b 2-0169.681
|
| 990 |
|
|
|a BK
|
| 996 |
6 |
|
|b 2618790732
|c 2-0169.681
|l MZK
|r Sklad / do 24 hodin
|n 0
|w 000593065
|u 000030
|a 1
|e BOA001
|j MZK50
|s P
|
| 996 |
7 |
|
|b 2619229217
|c 2-0169.681
|l MZK
|r Sklad / do 24 hodin
|n 1
|w 000593065
|u 000020
|a 1
|e BOA001
|j MZK50
|s A
|
| 996 |
7 |
|
|b 2619708320
|c 2-0169.681
|l MZK
|r Sklad / do 24 hodin
|n 3
|w 000593065
|u 000010
|a 1
|e BOA001
|j MZK50
|s A
|